[Event "Ruhrgebiet Verbandsliga Gruppe 2 1819"]
[Site "Nordrheinwestfalen"]
[Date "2019.05.05"]
[Round "9.8"]
[White "Wolff, Michael"]
[Black "Koehler, Eckart"]
[Result "1/2-1/2"]
[WhiteElo "1751"]
[BlackElo "1860"]
[PlyCount "37"]
[EventDate "2018.09.23"]
[EventType "team-tourn"]
[EventRounds "9"]
[EventCountry "GER"]
[SourceTitle "EXT 2022"]
[Source "ChessBase"]
[SourceDate "2021.10.06"]
[SourceVersion "1"]
[SourceVersionDate "2021.10.06"]
[SourceQuality "1"]
[WhiteTeam "Essen Katernberg III"]
[BlackTeam "Dortmund SV"]
[WhiteTeamCountry "GER"]
[BlackTeamCountry "GER"]

1. c4 Nf6 2. Nc3 d5 3. cxd5 Nxd5 4. e4 Nxc3 5. bxc3 g6 6. Bc4 Bg7 7. Rb1 0-0 8. Ne2 c5 9. 0-0 Nc6 10. Bd5 e6 11. Bxc6 bxc6 12. d4 Ba6 13. Ba3 Qa5 14. Bxc5 Qxa2 15. Re1 Rfb8 16. Ng3 Rxb1 17. Qxb1 Qxb1 18. Rxb1 Bd3 19. Ra1 1/2-1/2

[Event "Ruhrgebiet Verbandsliga Gruppe 2 1819"]
[Site "Nordrheinwestfalen"]
[Date "2019.02.03"]
[Round "6.7"]
[White "Schaede, Maximilian"]
[Black "Koehler, Eckart"]
[Result "0-1"]
[WhiteElo "1839"]
[BlackElo "1882"]
[PlyCount "76"]
[EventDate "2018.09.23"]
[EventType "team-tourn"]
[EventRounds "9"]
[EventCountry "GER"]
[SourceTitle "EXT 2022"]
[Source "ChessBase"]
[SourceDate "2021.10.06"]
[SourceVersion "1"]
[SourceVersionDate "2021.10.06"]
[SourceQuality "1"]
[WhiteTeam "Brackel SF III"]
[BlackTeam "Dortmund SV"]
[WhiteTeamCountry "GER"]
[BlackTeamCountry "GER"]

1. d4 Nf6 2. Bg5 g6 3. Bxf6 exf6 4. e3 Bg7 5. g3 d5 6. Bg2 c6 7. Ne2 Nd7 8. 0-0 f5 9. Nd2 Nf6 10. c4 dxc4 11. Nxc4 0-0 12. a4 Be6 13. Qc2 Bd5 14. Nf4 Bxg2 15. Kxg2 h5 16. b4 Nd5 17. Nd3 h4 18. b5 Qe8 19. Nc5 cxb5 20. axb5 b6 21. Nd6 Qxe3 22. Nd7 Nf4+ 23. gxf4 h3+ 24. Kg1 Qf3 25. Qc6 Qg4+ 26. Kh1 Rad8 27. Rg1 Qxf4 28. Rxa7 Bxd4 29. Ra3 Rxd7 30. Qxd7 Be5 31. Rag3 Qxf2 32. Rxg6+ Kh7 33. R6g2 hxg2+ 34. Rxg2 Qf1+ 35. Rg1 Qf3+ 36. Rg2 Bxd6 37. Qxd6 Rg8 38. Qc6 Qf1+ 0-1

[Event "Ruhrgebiet Regionalliga 1718"]
[Site "Germany"]
[Date "2018.01.21"]
[Round "5.8"]
[White "Stefaniak, Christian"]
[Black "Koehler, Eckart"]
[Result "1/2-1/2"]
[WhiteElo "1908"]
[BlackElo "1852"]
[PlyCount "22"]
[EventDate "2017.10.01"]
[EventType "team-tourn"]
[EventRounds "9"]
[EventCountry "GER"]
[SourceTitle "EXT 2022"]
[Source "ChessBase"]
[SourceDate "2021.10.06"]
[SourceVersion "1"]
[SourceVersionDate "2021.10.06"]
[SourceQuality "1"]
[WhiteTeam "Oberhausen SV II"]
[BlackTeam "Dortmund SV"]
[WhiteTeamCountry "GER"]
[BlackTeamCountry "GER"]

1. e4 d5 2. exd5 Qxd5 3. Nc3 Qd8 4. d4 c6 5. Nf3 Bg4 6. Be2 e6 7. 0-0 Nf6 8. Bg5 Be7 9. Re1 0-0 10. a3 Nbd7 11. Qd2 Nd5 1/2-1/2

[Event "Ruhrgebiet Regionalliga 1718"]
[Site "Germany"]
[Date "2017.10.22"]
[Round "2.8"]
[White "Koehler, Eckart"]
[Black "Wallhof, Dieter"]
[Result "1-0"]
[WhiteElo "1853"]
[BlackElo "1858"]
[PlyCount "109"]
[EventDate "2017.10.01"]
[EventType "team-tourn"]
[EventRounds "9"]
[EventCountry "GER"]
[SourceTitle "EXT 2022"]
[Source "ChessBase"]
[SourceDate "2021.10.06"]
[SourceVersion "1"]
[SourceVersionDate "2021.10.06"]
[SourceQuality "1"]
[WhiteTeam "Dortmund SV"]
[BlackTeam "Welper SV"]
[WhiteTeamCountry "GER"]
[BlackTeamCountry "GER"]

1. d4 Nf6 2. Bf4 e6 3. e3 c5 4. c3 Nc6 5. Nd2 d5 6. Ngf3 Qb6 7. Qb3 c4 8. Qc2 Nh5 9. Bg3 f5 10. b3 cxb3 11. axb3 Bd7 12. Bd3 Rc8 13. Qb1 a6 14. Be2 Nf6 15. 0-0 Be7 16. c4 g6 17. c5 Qd8 18. b4 Na7 19. Rc1 Nh5 20. Be5 0-0 21. Ne1 Nf6 22. Nc2 Bb5 23. Bxb5 Nxb5 24. Na3 Qe8 25. Qd3 Bd8 26. Nxb5 axb5 27. Ra7 Qc6 28. Nf3 Nd7 29. Rca1 g5 30. Bd6 Re8 31. Ra8 Rxa8 32. Rxa8 Kf7 33. Qe2 g4 34. Ne5+ Nxe5 35. Bxe5 Bc7 36. Rxe8 Kxe8 37. Bxc7 Qxc7 38. Qxb5+ Kf7 39. Qa4 h5 40. g3 h4 41. gxh4 Qe7 42. Qa8 Kg7 43. Qb8 Qd7 44. Kg2 Qb5 45. Qe5+ Kf7 46. Qc7+ Kf6 47. Qe5+ Kf7 48. Kg3 Qe2 49. h5 Qf3+ 50. Kh4 Qxf2+ 51. Kg5 Qf3 52. Qf6+ Ke8 53. Qxe6+ Kd8 54. h6 g3 55. Qd6+ 1-0

[Event "Ruhrgebiet Regionalliga 1617"]
[Site "Germany"]
[Date "2016.12.04"]
[Round "4.7"]
[White "Mueller, Frank"]
[Black "Koehler, Eckart"]
[Result "1/2-1/2"]
[WhiteElo "2027"]
[BlackElo "1823"]
[PlyCount "57"]
[EventDate "2016.09.11"]
[EventType "team-tourn"]
[EventRounds "9"]
[EventCountry "GER"]
[SourceTitle "EXT 2022"]
[Source "ChessBase"]
[SourceDate "2021.10.06"]
[SourceVersion "1"]
[SourceVersionDate "2021.10.06"]
[SourceQuality "1"]
[WhiteTeam "Sodingen/Castrop SK"]
[BlackTeam "Dortmund SV"]
[WhiteTeamCountry "GER"]
[BlackTeamCountry "GER"]

1. e4 e5 2. Nf3 Nf6 3. Nxe5 d6 4. Nf3 Nxe4 5. d4 d5 6. Bd3 Nc6 7. 0-0 Be7 8. Re1 Bg4 9. c3 Nf6 10. Bf4 0-0 11. Nbd2 Nh5 12. Be3 Re8 13. h3 Bxf3 14. Qxf3 g6 15. Bh6 Qd6 16. Nf1 Bf8 17. Bxf8 Kxf8 18. Ne3 Ne7 19. g3 Nf6 20. Re2 c6 21. Rae1 Kg7 22. Ng4 Neg8 23. Ne5 Re7 24. Kg2 Nd7 25. Qf4 Qf6 26. Qc1 Qd6 27. Qf4 Qf6 28. Qc1 Qd6 29. Qf4 1/2-1/2

[Event "Ruhrgebiet Regionalliga 1617"]
[Site "Germany"]
[Date "2016.09.11"]
[Round "1.7"]
[White "Koehler, Eckart"]
[Black "Boehm, Malte"]
[Result "1/2-1/2"]
[WhiteElo "1823"]
[BlackElo "1955"]
[PlyCount "43"]
[EventDate "2016.09.11"]
[EventType "team-tourn"]
[EventRounds "9"]
[EventCountry "GER"]
[SourceTitle "EXT 2022"]
[Source "ChessBase"]
[SourceDate "2021.10.06"]
[SourceVersion "1"]
[SourceVersionDate "2021.10.06"]
[SourceQuality "1"]
[WhiteTeam "Dortmund SV"]
[BlackTeam "Brackel SF"]
[WhiteTeamCountry "GER"]
[BlackTeamCountry "GER"]

1. d4 Nf6 2. Nf3 g6 3. e3 Bg7 4. Be2 d6 5. b3 0-0 6. 0-0 e5 7. c4 Nc6 8. Bb2 exd4 9. Nxd4 Nxd4 10. Bxd4 Bd7 11. Bf3 Bc6 12. Bxc6 bxc6 13. Nd2 a5 14. Qc2 c5 15. Bc3 Nd7 16. Ne4 f5 17. Bxg7 Kxg7 18. Nc3 Nb6 19. Rad1 Rf7 20. e4 Qf6 21. Rfe1 Re8 22. exf5 1/2-1/2

[Event "Dortmund op-B"]
[Site "Dortmund"]
[Date "2003.08.10"]
[Round "9"]
[White "Koehler, Eckart"]
[Black "Ozerov, Ilja"]
[Result "1-0"]
[WhiteElo "1875"]
[BlackElo "1779"]
[PlyCount "71"]
[EventDate "2003.08.01"]
[EventType "swiss"]
[EventRounds "9"]
[EventCountry "GER"]
[SourceTitle "CBM 095 Extra"]
[Source "ChessBase"]
[SourceDate "2003.09.04"]
[SourceVersion "1"]
[SourceVersionDate "2003.09.04"]
[SourceQuality "1"]

1. Nf3 f5 2. d4 d6 3. c4 Nf6 4. g3 g6 5. Bg2 Bg7 6. 0-0 0-0 7. Nc3 Qe8 8. d5 a5 9. Qc2 Na6 10. a3 e5 11. dxe6 c6 12. Nd4 Nc5 13. e3 Nxe6 14. b3 Qf7 15. Bb2 Nd7 16. Nxe6 Qxe6 17. Rad1 Nb6 18. a4 Bd7 19. Qd2 Nc8 20. Rfe1 Qf7 21. f4 Be6 22. e4 Qc7 23. exf5 Bxf5 24. Ne4 Qb6+ 25. Kh1 Bxe4 26. Rxe4 Qxb3 27. Bxg7 Kxg7 28. Rde1 Qb4 29. Qd4+ Kg8 30. Bh3 h5 31. Be6+ Kh7 32. Bxc8 Rg8 33. Re7+ Kh6 34. Qf6 Qc5 35. R1e5 dxe5 36. Qg5# 1-0

[Event "Dortmund op-B"]
[Site "Dortmund"]
[Date "2003.08.03"]
[Round "3"]
[White "Koehler, Eckart"]
[Black "Heyden, Jonas"]
[Result "1/2-1/2"]
[WhiteElo "1875"]
[BlackElo "1705"]
[PlyCount "53"]
[EventDate "2003.08.01"]
[EventType "swiss"]
[EventRounds "9"]
[EventCountry "GER"]
[SourceTitle "CBM 095 Extra"]
[Source "ChessBase"]
[SourceDate "2003.09.04"]
[SourceVersion "1"]
[SourceVersionDate "2003.09.04"]
[SourceQuality "1"]

1. c4 e5 2. g3 Nf6 3. Bg2 Bc5 4. e3 0-0 5. Ne2 c6 6. 0-0 d5 7. d4 exd4 8. exd4 Bb6 9. c5 Bc7 10. Nbc3 Bg4 11. f3 Bf5 12. g4 Bg6 13. Nf4 Bxf4 14. Bxf4 Na6 15. Qd2 h6 16. a3 Nc7 17. b4 Qe7 18. Be5 Qd8 19. a4 a6 20. Rae1 Re8 21. Qf2 Bd3 22. Qg3 Ne6 23. Rf2 Nd7 24. Rd2 Nxe5 25. dxe5 Bh7 26. a5 Qg5 27. Qf2 1/2-1/2

[Event "Dortmund op-B"]
[Site "Dortmund"]
[Date "2003.08.02"]
[Round "2"]
[White "Glienke, Norbert"]
[Black "Koehler, Eckart"]
[Result "1/2-1/2"]
[WhiteElo "1704"]
[BlackElo "1875"]
[PlyCount "42"]
[EventDate "2003.08.01"]
[EventType "swiss"]
[EventRounds "9"]
[EventCountry "GER"]
[SourceTitle "CBM 095 Extra"]
[Source "ChessBase"]
[SourceDate "2003.09.04"]
[SourceVersion "1"]
[SourceVersionDate "2003.09.04"]
[SourceQuality "1"]

1. e4 e5 2. Nf3 Nf6 3. d3 Nc6 4. g3 Bc5 5. Bg2 Qe7 6. Nbd2 d6 7. c3 Ng4 8. 0-0 f5 9. b4 Bb6 10. exf5 Bxf5 11. Nc4 0-0 12. Nxb6 axb6 13. Bg5 Qf7 14. h3 Nf6 15. Nh4 Be6 16. a4 Bb3 17. Qb1 Bd5 18. Bxf6 Bxg2 19. Nxg2 Qxf6 20. Qb3+ Kh8 21. Qd5 Qf7 1/2-1/2